| 000 | 01429nam a2200361 i 4500 | ||
|---|---|---|---|
| 005 | 20220317001717.0 | ||
| 007 | ta | ||
| 008 | 210902r19982015ck a jr 000 1 spa d | ||
| 020 | _a9789583004506 | ||
| 040 |
_aCO-BoRNBP _bspa _cCO-BoRNBP _erda |
||
| 041 | 0 | _aspa | |
| 084 | _aLM HAW1 | ||
| 100 | 1 |
_aHawthorne, Nathaniel _d1804-1864 _eautor |
|
| 245 | 1 | 0 |
_aCuando la Tierra era niña _bhistorias de la mitología griega _cNathaniel Hawthorne ; ilustración de Arthur Rackham, Walter Crane ; traducción de Gregorio Martínez Sierra |
| 250 |
_aPrimera edición _bSéptima reimpresión |
||
| 264 | 1 |
_aBogotá _bPanamericana _c1998 _c2008 _c2015 |
|
| 300 |
_a265 páginas _bilustraciones _c24 cm |
||
| 336 |
_atexto _btxt _2rdacontent |
||
| 337 |
_asin mediación _bn _2rdamedia |
||
| 338 |
_avolumen _bnc _2rdacarrier |
||
| 490 | 0 | _aCajón de cuentos | |
| 521 | _aRecomendado para un público mayor de 12 años | ||
| 650 | 1 | 7 |
_aLeyendas juveniles estadounidenses _ySiglo XIX _2LEMB |
| 650 | 1 | 7 |
_aMitos juveniles estadounidenses _ySiglo XIX _2LEMB |
| 650 | 1 | 7 |
_aLiteratura juvenil estadounidense _ySiglo XIX _vLeyendas _2LEMB |
| 650 | 1 | 7 |
_aMitología griega _vLeyendas _2LEMB |
| 650 | 1 | 7 |
_aMagia _vLeyendas _2LEMB |
| 650 | 1 | 7 |
_aDioses _vLeyendas _2LEMB |
| 700 | 1 |
_aRackham, Arthur _eilustrador _9187471 |
|
| 700 | 1 |
_aCrane, Walter _eilustrador _9187472 |
|
| 700 | 1 |
_aMartínez Sierra, Gregorio _etraductor _964460 |
|
| 942 |
_2loc _cBKLIT |
||
| 999 |
_c7824 _d7824 |
||